Formel 1 Podium 1961 - Statistiken

Allgemein
  • Dieses Quiz wurde 36 mal gespielt
  • Das Durchschnittsergebnis liegt bei 7 aus 10
Antwortstatistiken
Antwort % Korrekt
Jim Clark
95%
Phil Hill
95%
Stirling Moss
90%
Bruce Mclaren
81%
Wolfgang von Trips
81%
Dan Gurney
67%
Richie Ginther
67%
Innes Ireland
38%
Giancarlo Baghetti
33%
Tony Brooks
29%
Keine übereinstimmenden Quizze gefunden
Verteilung der Resultate
Anzahl Personen mit jedem Resultat
Perzentil nach korrekt beantworteten Fragen
Ihre Resultats-Entwicklung
Sie haben dieses Quiz noch nicht gespielt